000 00333nam a2200121 4500
999 _c8592
_d8592
082 _a004CHO
100 _aCHowdhary, B.S
245 _aPC Anatomy: an open book on personal computer hardware maintenance and trouble shooting
260 _aHyderabad:
_bMehran Infotech,
_c1993.
300 _a418p. ;
650 _apc Anatomy
942 _cBK